书目信息 |
| 题名: |
世界文化市场经纪人制
|
|
| 作者: | 王政挺 编著 | |
| 分册: | ||
| 出版信息: | 北京 中国大百科全书出版社 1995 |
|
| 页数: | 142页 | |
| 开本: | 19cm | |
| 丛书名: | 世界市场全书 | |
| 单 册: | ||
| 中图分类: | F740.2 | |
| 科图分类: | ||
| 主题词: | 文化-市场-经纪人--世界 , 经纪人-文化-市场--世界 , 商业经济 | |
| 电子资源: | ||
| ISBN: | 7-5000-5483-1 | |
| 000 | 00875nnam 2200265 45 | |
| 001 | 0196017521 | |
| 005 | 20061031141048.00 | |
| 010 | @a7-5000-5483-1@dCNY98.80(合计) | |
| 100 | @a19950712d1995 em y0chiy0121 ea | |
| 101 | 0 | @achi |
| 102 | @aCN@b110000 | |
| 105 | @ay z 000yy | |
| 200 | 10 | @a世界文化市场经纪人制@ASHI JIE WEN HUA SHI CHANG JING JI REN ZHI@f王政挺编著@FWANG ZHENG TING BIAN ZHU |
| 210 | @a北京@c中国大百科全书出版社@d1995 | |
| 215 | @a142页@d19cm | |
| 225 | 2 | @a世界市场全书@dThe world market series@zeng@i世界文化市场全书@v50 |
| 410 | 0 | @120010@a世界市场全书 |
| 517 | 1 | @a世界文化市场全书@ASHI JIE WEN HUA SHI CHANG QUAN SHU |
| 606 | @a文化-市场-经纪人@y世界 | |
| 606 | @a经纪人-文化-市场@y世界 | |
| 606 | 0 | @a商业经济 |
| 690 | @aF740.2 | |
| 701 | 0 | @a王政挺@AWANG ZHENG TING@4编著 |
| 801 | 0 | @aCN@bTSSF@c20061031 |
| 905 | @a10447@dF740.2@e12:10 | |
| 世界文化市场经纪人制/王政挺编著.-北京:中国大百科全书出版社,1995 |
| 142页;19cm.-(世界市场全书=The world market series.世界文化市场全书;50) |
| ISBN 7-5000-5483-1:CNY98.80(合计) |
| ● |
| 相关链接 |
|
|
|
|
正题名:世界文化市场经纪人制
索取号:F740.2/12:10
 
预约/预借
| 序号 | 登录号 | 条形码 | 馆藏地/架位号 | 状态 | 备注 |
| 1 | 0275780 | 002057794 | 第一样本阅览室/ [索取号:F740.2/12:10] | 在馆 |